000 00233nam a2200097Ia 4500
005 20251222114417.0
008 251222s1900||||xx |||||||||||||| ||spa||
082 _aDVD0060/F57/2009
245 0 _aZombieland:Tierra de zombies
942 _cDVD
999 _c2269
_d2269